000 00775nam a2200253 a 4500
001 72721
003 BD-RjUL
005 20211209082313.0
008 140120r19821982ii a b 001 0 eng d
035 _a(BD-RjUL)72939
040 _aDLC
_cDLC
_dYDX
_dYDXCP
_dUKM
_dCDX
_dBWX
_dUV0
_dBD-RjUL
_beng
041 _aeng
082 0 0 _223
_a530.124
_bSUW 1982
100 1 _aSubrahmanyam,N
_928438
245 1 0 _aWaves and oscillations /
_cSubrahmanyam,N
250 _a2nd ed.
260 _aNew Delhi :
_bVikash Publishing ,
_c1974 [reprinted 1982]
300 _axiv, 349 p. :
_bill. ;
_c26 cm.
504 _aIncludes bibliographical references and index.
650 0 _aWave equation.
_928439
650 0 _aMathematical physics.
_91138
700 1 _aLal,Brij
_928440
942 _2ddc
_cBK
999 _c72721
_d72721